00584nam a22002057a 450000500170000001000150001702000260003203500130005803500130007103500130008403700130009703700310011008200120014124500790015326000280023227000520026030000200031270000180033270000280035020170504144329.0 aENG-109806 a9789381017814c495.00 aEN-93339 aB-534573 aB-667856 bDBAD/PUB bStar Publications/Venadpl a306.74300aThe business of sex /cedited by Laxmi Murthy [and] Meena Saraswathi Seshu aNew DelhibZubaanc2013 a128 B Shahpur Jat, 1st FloorbNew Delhie110049 a248p.c22cm(Hb) aMurthy, Laxmi aSeshu, Meena Saraswathi